00515 2200193 4500001002100000005001500021008004100036020001800077035001900095041000700114082001000121090001600131100001900147245005700166260003500223300003900258500001000297650001400307INLIS00000000000040520241224112151241224||||||||| | ||| |||| || |  a602-7763-97-3 0010-1224000405 aid0 a635.7 a635.7 MAY m0 aMaya Apriyanti00aMeracik Sendiri dan Menu Sehat Bagi Penderita kanker aYogyakartabPustaka Baru Press a19,5x14 cm, viii, 202 hlm.; ilus.: aCet 1 0akesehatan